Normal view
MARC view
- اللغة العربية- الأفعال المنية للمجهول - قواعد
Entry Topical Term
001 - CONTROL NUMBER
- control field: 35808
003 - CONTROL NUMBER IDENTIFIER
- control field: JO-AjAnu
005 - DATE AND TIME OF LATEST TRANSACTION
- control field: 20230606080002.0
008 - FIXED-LENGTH DATA ELEMENTS
- fixed length control field: 230606|| aca||aabn | a|a d
040 ## - CATALOGING SOURCE
- Original cataloging agency: JO-AjAnu
- Transcribing agency: JO-AjAnu
150 ## - HEADING--TOPICAL TERM
- Topical term or geographic name entry element: اللغة العربية- الأفعال المنية للمجهول - قواعد
670 ## - SOURCE DATA FOUND
- Source citation: Work cat.: (JO-AjAnu)18386: الشافعي، محمد علي بن علان الصديقي، م. مشارك الدمشقي، عبد الرحمن بن أحمد الصناديقي؛ إعداد وتحقيق يسري عبد الغني عبدالله, author 35807, معجم الإفعال المنية للمجهول المعروف بإتحاف الفاضل بالفعل المبني لغير الفاعل: وفي آخره رسالة في الكلام على ألفاظ عشرة يكثر دوراتها، فظلا، أيضا، هلم جر، لغة، واصطلاحا، خلافا، إجماعا واتقافا، مرة، تارة